Localities in the Faroe Islands - Statistics

General Stats
  • This quiz has been taken 19 times
  • The average score is 60 of 130
Answer Stats
Island Population Place % Correct
Streymoy 12 393 Thorshavn
100%
Borðoy 4 666 Klaksvík
93%
Vágar 1 046 Miðvágur
86%
Eysturoy 470 Runavík
86%
Eysturoy 650 Eiði
79%
Kunoy 80 Kunoy
79%
Mykines 19 Mykines
79%
Vágar 966 Sørvágur
79%
Viðoy 339 Viðareiði
79%
Eysturoy 1 542 Fuglafjørður
71%
Suðuroy 77 Hvalba
71%
Nólsoy 252 Nólsoy
71%
Vágar 797 Sandavágur
71%
Sandoy 586 Sandur
71%
Suðuroy 1 402 Vágur
71%
Streymoy 1 234 Vestmanna
71%
Streymoy 1 907 Argir
64%
Vágar 15 Gásadalur
64%
Eysturoy 49 Gjógv
64%
Hestur 34 Hestur
64%
Streymoy 3 133 Hoyvík
64%
Fugloy 28 Kirkja
64%
Koltur 2 Koltur
64%
Eysturoy 873 Leirvík
64%
Eysturoy 264 Nes
64%
Suðuroy 30 Nes
64%
Borðoy 173 Norðdepil
64%
Skúvoy 50 Skúvoy
64%
Eysturoy 812 Strendur
64%
Suðuroy 250 Sumba
64%
Eysturoy 821 Toftir
64%
Kalsoy 27 Trøllanes
64%
Suðuroy 1 179 Tvøroyri
64%
Eysturoy 100 Æðuvik
57%
Vágar 71 Bøur
57%
Borðoy 2 Depil
57%
Eysturoy 75 Funningur
57%
Fugloy 16 Hattarvik
57%
Streymoy 309 Hósvik
57%
Kalsoy 52 Húsar
57%
Streymoy 397 Kvívík
57%
Streymoy 1 Nesvík
57%
Eysturoy 567 Norðragøta
57%
Eysturoy 860 Saltangará
57%
Eysturoy 58 Selatrað
57%
Eysturoy 657 Skáli
57%
Sandoy 507 Skopun
57%
Eysturoy 415 Syðrugøta
57%
Streymoy 72 Tjørnuvík
57%
Kunoy 77 Haraldssund
50%
Suðuroy 125 Hov
50%
Streymoy 215 Hvalvik
50%
Viðoy 257 Hvannasund
50%
Streymoy 75 Kirkjubøur
50%
Streymoy 817 Kollafjørður
50%
Eysturoy 35 Ljósá
50%
Kalsoy 41 Mikladalur
50%
Borðoy 3 Múli
50%
Eysturoy 139 Oyri
50%
Eysturoy 268 Rituvík
50%
Streymoy 25 Saksun
50%
Streymoy 184 Streymnes
50%
Svínoy 52 Svínoy
50%
Borðoy 16 Ánir
43%
Sandoy 49 Dalur
43%
Eysturoy 30 Elduvik
43%
Eysturoy 64 Funningsfjørður
43%
Eysturoy 407 Glyvrar
43%
Eysturoy 26 Hellur
43%
Streymoy 113 Leynar
43%
Eysturoy 41 Morskranes
43%
Eysturoy 275 Norðskáli
43%
Borðoy 6 Norðtoftir
43%
Eysturoy 161 Oyndarfjørður
43%
Eysturoy 101 Oyrarbakki
43%
Eysturoy 153 Saltnes
43%
Sandoy 83 Skálavik
43%
Eysturoy 55 Skipanes
43%
Kalsoy 9 Syðradalur
43%
Streymoy 7 Syðradalur
43%
Stóra Dímun 7 Dímun
36%
Eysturoy 51 Gøtugjógv
36%
Streymoy 157 Haldórsvik
36%
Sandoy 77 Húsavik
36%
Eysturoy 77 Innan Glyvur
36%
Streymoy 217 Kaldbak
36%
Eysturoy 10 Lambareiði
36%
Streymoy 37 Langasandur
36%
Streymoy 1 Mjørkadalur
36%
Borðoy 83 Norðoyri
36%
Suðuroy 112 Sandvík
36%
Streymoy 11 Skælingur
36%
Eysturoy 100 Skálabotnur
36%
Borðoy 0 Skálatoftir
36%
Eysturoy 351 Søldarfjørður
36%
Streymoy 40 Stykkið
36%
Streymoy 1 Sund
36%
Eysturoy 20 Svínáir
36%
Suðuroy 406 Trongisvágur
36%
Eysturoy 33 Undir Gøtueiði
36%
Streymoy 186 Velbastaður
36%
Vágar 0 Víkar
36%
Borðoy 53 Árnafjørður
29%
Suðuroy 132 Froðba
29%
Eysturoy 33 Gøtueiði
29%
Streymoy 93 Hvítanes
29%
Eysturoy 39 Kolbanargjøgv
29%
Eysturoy 145 Lambi
29%
Suðuroy 333 Porkeri
29%
Streymoy 157 Signabøur
29%
Kunoy 0 Skarð
29%
Streymoy 48 Válur
29%
Vágar 54 Vatnsoyrar
29%
Suðuroy 0 Akraberg
21%
Kalsoy 0 Blanskáli
21%
Suðuroy 40 Øravik
21%
Sandoy 5 Skarvanes
21%
Suðuroy 0 Vikàrbyrgi
21%
Suðuroy 113 Fámjin
14%
Streymoy 7 Kaldbaksbotnur
14%
Suðuroy 104 Lopra
14%
Streymoy 0 Nesið
14%
Streymoy 14 Norðradalur
14%
Borðoy 0 Strond
14%
Streymoy 0 Við Gjónna
14%
Suðuroy 28 Akrar
7%
Vágar 0 Slætannes
7%
Streymoy 0 Úti á Bø
7%
Suðuroy 62 Øravikarlið
0%
Streymoy 42 Oyrareingir
0%
No matching quizzes found
Score Distribution
Percent of People with Each Score
Percentile by Number Answered
Your Score History
You have not taken this quiz